| 000 | 00510nam a2200205Ia 4500 | ||
|---|---|---|---|
| 005 | 20250425162747.0 | ||
| 008 | 250425s9999 xx 000 0 und d | ||
| 041 | _aspa | ||
| 082 | _a986.6062 | ||
| 100 | _aROBALINO DAVILA, LUIS | ||
| 245 | 0 | _aORIGENES DEL ECUADOR DE HOY: DIEZ AÑOS DE CIVILISMO | |
| 250 | _a1A ED. | ||
| 260 |
_aMéxico _bCAJICA _c1968 |
||
| 260 | _aPUEBLA | ||
| 300 | _a701 | ||
| 650 | _aHISTORIA DEL ECUADOR | ||
| 650 | _aPERIODO REPUBLICANO | ||
| 942 | _c01 | ||
| 010 | _a106345 | ||
| 999 |
_c235892 _d235892 |
||